Creative teachers in primary schools

Αποθηκεύτηκε σε:
Λεπτομέρειες βιβλιογραφικής εγγραφής
Κύριος συγγραφέας: Woods, Peter 1934-
Μορφή: Βιβλίο
Γλώσσα:English
Δημοσίευση: Buchingham, Philadelphia : Open University Press, 1995
Θέματα:
Ετικέτες: Προσθήκη ετικέτας
Δεν υπάρχουν, Καταχωρήστε ετικέτα πρώτοι!

MARC

LEADER 00000nam a2200000 i 4500
001 1/96388
008 991215s1995 eng d
020 |a 0-335-19313-7  |c 12.99 
035 |l 10055742 
040 |a GR-MY-UA  |b gre  |e aacr 
041 0 |a eng 
082 0 |a 372.1102 
100 1 |a Woods, Peter  |d 1934- 
245 1 0 |a Creative teachers in primary schools /  |c Peter Woods 
260 |a Buchingham, Philadelphia :   |b Open University Press,   |c 1995 
300 |a 199 p.;  |c 24 cm. 
650 0 0 |a Elementary school teachers  |z Great Britain. 
650 0 0 |a Elementary school teaching  |z Great Britain. 
852 |a INST  |b RHODES  |e 19991215  |h 372.1102 WOO  |p 005400012449  |q 005400012449  |t BK  |y 0 
901 |a BIBL4-2000-1 
909 |a Ρ  |b 068953 
922 |a 4ΕΛΗ  |b 199909  |c ΚΠΣ/154  |d GLORY BOOKS 
950 |a 154-1999-07-22 
970 |a ΚΟΥΛΑΚΙΟΤΗ  |b ΛΙΤΣΑ  |z 2000/01/18